000
00208 a2200097 4500
001
57880
100
_a
245
_a
Mechainica of fluids
260
_a
NY
_b
McGraw Hill Book Co.
_c
1992
090
_c
35492
_d
35492
942
_a
NUST-CAE
_c
_c
28327
999
_c
292953
_d
292953